US Presidential Superlatives - Statistics

General Stats
  • This quiz has been taken 441 times
  • The average score is 7 of 13
Answer Stats
Answer % Correct
First President #1 George Washington
99%
Longest Term 4,422 days Franklin D. Roosevelt
85%
Oldest President 70 years old Donald Trump
81%
Tallest 6'4" Abraham Lincoln
75%
Shortest Lifespan 46 years John F. Kennedy
69%
Shortest Term 31 days William Henry Harrison
69%
Largest Electoral College win 100% George Washington
56%
Youngest President 42 years old Theodore Roosevelt
56%
Shortest 5'4" James Madison
51%
Longest Lifespan 93 y, 165 d Gerald Ford
29%
Most Popular vote 61% Lyndon B. Johnson
16%
Least Popular vote 30% John Quincy Adams
14%
Closest Electoral College win 50.14% Rutherford B. Hayes
13%
No matching quizzes found
Score Distribution
Percent of People with Each Score
Percentile by Number Answered
Your Score History
You have not taken this quiz